| 000 | 00547nam a22001937a 4500 | ||
|---|---|---|---|
| 003 | OSt | ||
| 005 | 20140310181757.0 | ||
| 008 | 130701t xxu||||| |||| 00| 0 eng d | ||
| 020 | _a9715504833 | ||
| 050 |
_aPL 6165.4 _b.R175 2005 |
||
| 082 |
_aFIL 899.2113 _bR14 2005 |
||
| 100 | _aRamos, Bienvenido A. | ||
| 245 |
_aMay tibok ang puso ng lupa / _cBienvenido A. Ramos. |
||
| 260 |
_aQuezon City : _bADMU Press, _cc2005. |
||
| 300 |
_axxviii. 356 p. : _c18 cm. |
||
| 650 |
_aShort stories _xPhilippines |
||
| 942 |
_2lcc _cBK |
||
| 999 |
_c3469 _d3469 |
||